|
|
|
|
| LEADER |
00000nam a2200000 a 4500 |
| 001 |
vtls001335476 |
| 003 |
SK-MaSNL |
| 005 |
20260301200526.0 |
| 008 |
251124s1955 DE 0 ger |
| 020 |
|
|
|c 5,00
|
| 035 |
|
|
|a SNK000288447
|
| 040 |
|
|
|a SNK
|b slo
|c SNK
|e AACR2
|
| 044 |
|
|
|a DE
|
| 080 |
|
|
|a 398.8:801.73
|2 1981
|
| 080 |
|
|
|a 398.2:801.73
|2 1981
|
| 100 |
1 |
|
|a Steinitz, Wolfgang
|4 aut
|9 579827
|
| 245 |
1 |
0 |
|a Lied und Märchen als Stimme des Volkes
|c Wolfgang Steinitz
|
| 260 |
|
|
|a [Berlin]
|b Akademie
|c 1955
|
| 300 |
|
|
|a S. 321-341
|c 23 cm
|
| 500 |
|
|
|a S venovaním autora
|
| 500 |
|
|
|a Odtlačok z: Wissenschaftliche Annalen. Jhrg. 4, Heft 6, 1955
|
| 650 |
0 |
7 |
|a piesne ľudové
|x rozprávky ľudové
|x interpretácia
|x výskumy
|x odtlačky
|2 SNK
|9 579828
|
| 650 |
0 |
7 |
|a rozprávky ľudové
|x piesne ľudové
|x interpretácia
|x výskumy
|x odtlačky
|2 SNK
|9 579829
|
| 999 |
|
|
|c 890860
|d 892790
|
| 952 |
|
|
|t P60, <04>, [BOOK], {604}
|a SNK
|b SNK
|y VYP
|7 0
|p 17A0140525
|o snkOIC 6594
|i snkK 1215/98
|0 0
|1 0
|4 0
|d 1998-06-25
|l 0
|r 2005-01-02 00:00:00
|w 2026-02-24
|